Statistics for Top 30 most popular city in europe

Click here to take the quiz!

General Stats

  • This quiz has been taken 58 times
    (57 since last reset)
  • The average score is 23 of 30

Answer Stats

HintAnswer% Correct
uk-96%london
100%
russia-98%moscow
100%
france-95%paris
100%
italy-93%rome
98%
germany-94%berlin
96%
spain-92%madrid
96%
spain-90%barcelona
94%
poland-91%warsaw
94%
greece-87%athens
93%
turkey-97%istanbul
93%
portugal-88%lisbon
93%
russia-90%saint petersburg
89%
italy-84%milan
87%
germany-85%munich
87%
uk-86%manchester
85%
france-89%lyon
80%
germany-81%hamburg
76%
uk-82%liverpool
76%
italy-80%naples
72%
serbia-70%belgrade
70%
romania-71%bucharest
70%
germany-74%frankfurt
70%
poland-79%krakow
67%
france-83%nice
67%
spain-78%seville
61%
spain-73%valencia
61%
greece-72%thessaloniki
52%
germany-76%stuttgart
46%
poland-69%wroclaw
31%
france-77%nantes
26%

Score Distribution

Percentile by Number Answered

Percent of People with Each Score

Your Score History

You have not taken this quiz since the last reset